Výzvy Corporate Governance v roku 2017
Súhrn právnych predpisov a noriem platných pre spoločnosti obchodovateľné na regulovanom trhu, ktorými či už európsky alebo slovenský tvorcovia legislatívy zasiahnu do činnosti podnikateľských subjektov.
Saved in:
| Main Author: | |
|---|---|
| Format: | Book Chapter |
| Language: | Slovak |
| Subjects: | |
| Tags: |
No Tags, Be the first to tag this record!
|
MARC
| LEADER | 00000naa a2200000 4500 | ||
|---|---|---|---|
| 001 | 0230199 | ||
| 005 | 20220805075624.4 | ||
| 041 | 0 | |a slo | |
| 044 | |a SK | ||
| 245 | 1 | 0 | |a Výzvy Corporate Governance v roku 2017 |c Martin Peter |
| 520 | |a Súhrn právnych predpisov a noriem platných pre spoločnosti obchodovateľné na regulovanom trhu, ktorými či už európsky alebo slovenský tvorcovia legislatívy zasiahnu do činnosti podnikateľských subjektov. | ||
| 610 | 2 | 0 | |a správa štátna |
| 610 | 2 | 0 | |a správa verejná elektronická |
| 610 | 2 | 0 | |a systémy správne |
| 610 | 2 | 0 | |a podnikanie |
| 610 | 2 | 0 | |a prostredie podnikateľské |
| 610 | 2 | 0 | |a legislatíva |
| 610 | 2 | 0 | |a smernice |
| 100 | 1 | |a Peter, Martin | |